| 000 | 00634nam a2200217 a 4500 | ||
|---|---|---|---|
| 005 | 20240925065440.0 | ||
| 008 | 991125s1976 sal 000 0 spa u | ||
| 020 | _a8430104119 | ||
| 035 | _aUPN01000017287 | ||
| 049 | _aCG | ||
| 050 | 4 | _aLC191 D8.48 | |
| 100 | 1 |
_aDurkheim, Emile, _d1858-1917 |
|
| 245 | 1 | 0 |
_aEducación como socialización / _cEmile Durkheim ; tr. Alfonso Ortiz García |
| 260 |
_aSalamanca (Esp.) : _bSígueme, _c1976 |
||
| 300 | _a274 p | ||
| 440 | 0 |
_aPedagogía y sociedad; _v2 |
|
| 650 | 4 |
_aEducación moral _91396 |
|
| 650 | 4 |
_aSociología de la educación _94896 |
|
| 904 |
_aAC _b017288 |
||
| 905 | _aLibro | ||
| 999 |
_c17287 _d17287 |
||